000 00211nam a22001097a 4500
041 _aeng
080 _a80
100 _aMarphy, Raymond
245 _aGrammar in use.
650 _aEnglish Grammar
999 _c279816
_d279816
942 _cBK